000 07428 aa a2200589 4500
005 20090904102152.0
010 _a B-357170
020 _a8183460143
_c150.00
035 _aB-357170
035 _aB-371168-193
037 _bD.B.Act / Pub
037 _bए आर एस पब्लिशर्स/ PUB
082 _a
100 _aचोपड़ा, कमल
_919911
245 _aमास्टरजी ने कहा था /
_cकमल चोपड़ा
246 _aMasterje Ne Khah Tha
_bby Kamal Chopra
260 _a दिल्ली
_bए आर एस पब्लिशर्स एण्ड डिस्ट्रीब्यूटर्स
_c2009
270 _a1376,, , कश्मीरी गेट
_bदिल्ली
_e110006
300 _a108पृ
_bसचित्र
_c24सेमी (सजिल्द)
650 _aकहानियाँ
_9937
650 _aबाल कहानियाँ
_91328
650 _aChildren Stories
_919912
942 _adpl
_cCH
_2ddc
_h
_mचोपड़ा
999 _c29982
_d29982